000 02304cam a22004814i 4500
003 PE-LiUPU
005 20250731173343.0
008 150706s r 000 0 d
020 _a8481645389
035 _a(Sirsi) i9788481645385
040 _aPE-LiUPU
_bspa
_cPE-LiUPU
_erda
049 _aPRUA
082 0 4 _a225.01
_bB84
_221
100 1 _aBrown, Raymond E.,
_eautor.
245 1 0 _aIntroducción al Nuevo Testamento I :
_bcuestiones preliminares, evangelios y obras conexas /
_cRaymond E. Brown ; traducción de Antonio Piñero.
264 1 _aMadrid :
_bTrotta,
_c[2002].
300 _a530 páginas ;
_c23 centímetros
336 _atext
_2rdacontent
337 _aunmediated
_2rdamedia
338 _avolume
_2rdacarrier
490 0 _aBiblioteca de ciencias bíblicas y orientales ;
_v7
504 _aIncluye bibliografía.
505 0 _aNociones preliminares para la comprensión del nuevo testamento -- Naturaleza y origen del Nuevo Testamento -- Cómo leer el Nuevo Testamento -- El texto del Nuevo Testamento -- Política y sociedad en la época del Nuevo Testamento -- Religión y filosofía en la época del Nuevo Testamento -- Los evangelios y obras conexas -- Evangelios en general; evangelios sinópticos en particular -- Evangelio según Marcos -- Evangelio según Mateo -- Evangelio según Lucas -- Hechos de los apóstoles -- Evangelio según Juan -- Primera epístola (carta) de Juan -- Segunda epístola (carta) de Juan -- Tercera epístola (carta) de Juan.
526 _aSEG42
526 _aSEG41
526 _aSEG40
526 _aSEG39
526 _aP94
526 _aP87
526 _aP86
526 _aP85
526 _aP77
526 _aP76
526 _aP35
541 _g007-0020317;
630 _aBiblia.
_pN.T.
_xIntroducciones.
910 _agl
_bjv
_clch
_d20091006
942 _2ddc
_cBOOK
949 _a225.01 B84 1
_wDEWEY
_c1
_i60363
_lCCODEBUL1
_mBUL
_p53.00
_r0
_sY
_tBOOK
_u2015-7-6
_xTEOLOGIA
_zUNKNOWN
_0COMPRA
_o.STAFF. Colección General
994 _aC0
_bPEPRU
596 _a1
999 _a225.01 B84 1
_wDEWEY
_c49823
_i60363
_d49823
_e2022-7-8
_f2021-11-9
_g5
_lCCODEBUL1
_mBUL
_n1
_p53.00
_q1
_r0
_sY
_tBOOK
_u2015-7-6
_xTEOLOGIA
_zUNKNOWN
_0COMPRA
_o.STAFF. Colección General
980 _81
_gALBERTO SANCHEZ Responsable de Automatización